Las interpretaciones del desarrollo en América Latina /
Saved in:
| Main Author: | |
|---|---|
| Format: | Text |
| Subjects: | |
| Tags: |
Add Tag
No Tags, Be the first to tag this record!
|
MARC
| LEADER | 00000 a a2200000 04500 | ||
|---|---|---|---|
| 001 | 42120 | ||
| 003 | |||
| 040 | |||
| 100 | |a Ramírez López, Berenice P | ||
| 245 | |a Las interpretaciones del desarrollo en América Latina / |c Berenice P. Ramírez López | ||
| 650 | |a DESARROLLO ECONOMICO | ||
| 650 | |a AMERICA LATINA | ||
| 650 | |a TASA DE CRECIMIENTO | ||
| 650 | |a SUBDESARROLLO | ||
| 773 | |g volumen21, número82 ( , 1990), Páginas 11-33 | ||
| 999 | |c 39123 |d 39123 | ||
